| 000 | 00505 a2200169 4500 | ||
|---|---|---|---|
| 003 | OSt | ||
| 005 | 20240905103844.0 | ||
| 008 | 231019b |||||||| |||| 00| 0 eng d | ||
| 020 | _a9282745123855 | ||
| 040 | _coclc | ||
| 082 |
_a892.78 _bMAN/F |
||
| 100 |
_aManfaluti, Mustafa Lotfi Al _910491 |
||
| 245 |
_aFADEELATH AW BOOL-MANFALOOTHI / _cMustafa Lotfi Al-Manfaluti |
||
| 260 |
_b DKI ; _aBeirut: _c1971. |
||
| 300 | _a168p. ; | ||
| 942 |
_2ddc _cBK _h892.78 _k892.78 _iMAN/F _mMAN/F |
||
| 999 |
_c42624 _d42624 |
||